00574nam a22001817a 450000500170000001000270001702000260004403500130007003500140008303700090009708200100010610000270011624500800014326000420022327000640026530000230032950000400035220250509170802.0 aENG -144874 ENG-109227 c225.00a9788129000668 aEN-92760 aEN-128406 bDBAD a005.1 aNagpal, Dargan Shaveta aSoftware Engineering :cby Shaveta Dargan Nagpalbconcepts and principles / aChandigarhbNew Era Book Agencyc2014 aSco 49-51, Sector -17 c, Post Box -52__bChandigarhe160017 av,160p.c24cm(pbk) aIncludes bibliographical references